Score 0/23 Timer 03:00
0 Plays Today
Title Answer % Correct
Die _____ DayAnother
98%
_____ RoyaleCasino
97.8%
Licence to _____Kill
97.8%
Live and Let _____Die
97.1%
For Your Eyes _____Only
96.7%
Blast from the _____Past
95.4%
You Only Live _____Twice
95.2%
The Man with the _____ GunGolden
95%
Dr. _____No
94.8%
The _____ Who Loved MeSpy
93.9%
From _____, with LoveRussia
93%
On Her _____'s Secret ServiceMajesty
91.1%
Title Answer % Correct
_____, Lose or DieWin
89.1%
_____ of SolaceQuantum
88.5%
The World Is Not _____Enough
88.3%
_____ Minus TenZero
83%
No Deals, Mr. _____Bond
82.8%
007 in New _____York
82.4%
Death _____ ForeverIs
81.8%
From a _____ to a KillView
78.6%
Octopussy and the _____ DaylightsLiving
76.8%
Diamonds Are _____Forever
76.7%
_____ Time to KillHigh
40.4%

Today's Daily Dose

You're not logged in!

Compare scores with friends on all Sporcle quizzes.
OR
Log In

Sporcle TV

Today on Sporcle TV


Watch our educational content, quiz creation guides, and fun videos on Sporcle TV.

Show Comments

Extras

Top Quizzes Today


Score Distribution

Paid Content

Your Account Isn't Verified!

In order to create a playlist on Sporcle, you need to verify the email address you used during registration. Go to your Sporcle Settings to finish the process.

Report this User

Report this user for behavior that violates our Community Guidelines.

Details: